| Tag |
First Indicator |
Second Indicator |
Subfields |
| LEADER |
00000cas a2200000I 4500 |
| 001 |
in00000045751 |
| 005 |
20151007075241.0 |
| 008 |
750724d19571959be ar 0 0eng d |
| 010 |
|
|
|a 64000939
|
| 016 |
7 |
|
|a 2984725R
|2 DNLM
|
| 016 |
7 |
|
|a B11080000
|2 DNLM
|
| 022 |
|
|
|a 0503-2393
|
| 029 |
1 |
|
|a NLM
|b 2984725R
|
| 029 |
1 |
|
|a AU@
|b 000007253055
|
| 029 |
1 |
|
|a AU@
|b 000007296837
|
| 035 |
|
|
|a (OCoLC)ocm01473985
|
| 040 |
|
|
|a FUL
|b eng
|c FUL
|d OCL
|d RCS
|d OCL
|d NLM
|d DRB
|d WAU
|d UtOrBLW
|
| 041 |
0 |
|
|a fre
|a eng
|
| 049 |
|
|
|a TXAM
|
| 050 |
0 |
4 |
|a Z5051
|b .U48
|
| 110 |
2 |
|
|a Union of International Associations.
|
| 245 |
1 |
0 |
|a Bibliography of proceedings of international meetings =
|b Bibliographie des comptes rendus des reunions internationales.
|
| 246 |
1 |
1 |
|a Bibliographie des comptes rendus des réunions internationales.
|
| 264 |
|
1 |
|a Brussels :
|b [publisher not identified],
|c 1963-1966.
|
| 300 |
|
|
|a 3 volumes ;
|c 21 cm.
|
| 336 |
|
|
|a text
|b txt
|2 rdacontent
|
| 337 |
|
|
|a unmediated
|b n
|2 rdamedia
|
| 338 |
|
|
|a volume
|b nc
|2 rdacarrier
|
| 362 |
0 |
|
|a 1957-1959.
|
| 490 |
1 |
|
|a Union of International Associations publication
|
| 650 |
|
0 |
|a International cooperation
|v Congresses
|v Bibliography.
|
| 650 |
|
0 |
|a Congresses and conventions
|v Bibliography
|v Periodicals.
|
| 776 |
0 |
8 |
|i Online version:
|a Union of International Associations.
|t Bibliography of proceedings of international meetings
|w (OCoLC)604919033
|
| 776 |
0 |
8 |
|i Online version:
|a Union of International Associations.
|t Bibliography of proceedings of international meetings
|w (OCoLC)609900719
|
| 785 |
0 |
0 |
|t Yearbook of international congress proceedings
|w (OCoLC)1714188
|
| 830 |
|
0 |
|a Publication (Union of International Associations)
|
| 994 |
|
|
|a C0
|b TXA
|
| 949 |
|
|
|a updated
|b h
|c 2014/8/26
|e coplinger
|f 4:59:33 pm
|
| 999 |
|
|
|a MARS
|
| 999 |
f |
f |
|s 592e9a17-931f-37d6-ada8-11fc4c59b854
|i 324143c8-5ee4-3d86-a25e-a619ce447079
|t 0
|
| 952 |
f |
f |
|p ric
|a Texas A&M University
|b Rellis Campus
|c Joint Library Facility
|d Remote Storage
|t 0
|e Z5051 .U48
|h Library of Congress classification
|i unmediated -- volume
|l 1958
|m A14841449359
|
| 952 |
f |
f |
|p ric
|a Texas A&M University
|b Rellis Campus
|c Joint Library Facility
|d Remote Storage
|t 0
|e Z5051 .U48
|h Library of Congress classification
|i unmediated -- volume
|l 1959
|m A14841449341
|
| 952 |
f |
f |
|p ric
|a Texas A&M University
|b Rellis Campus
|c Joint Library Facility
|d Remote Storage
|t 0
|e Z5051 .U48
|h Library of Congress classification
|i unmediated -- volume
|l 1957
|m A14841449367
|
| 998 |
f |
f |
|a Z5051 .U48
|s 1957-1959
|t 0
|l Remote Storage
|